LEADER 01197nam--2200385---450- 001 990006055870203316 005 20150702130159.0 035 $a000605587 035 $aUSA01000605587 035 $a(ALEPH)000605587USA01 035 $a000605587 100 $a20150702d1948----km-y0itay50------ba 101 $afre 101 $aita 102 $aIT 105 $a||||||||001yy 200 1 $aTraité de terminologie et correspondance commerciales françaises$etesto per l'istituto tecnico commerciale$fP. Fournier, N. Spinelli 205 $a2. ed. 210 $aTorino$cSocietà editrice internazionale$d1948 410 0$12001 454 1$12001 461 1$1001-------$12001 606 0 $aLingua francese$2BNCF 676 $a448 700 1$aFOURNIER,$bPierre$0255313 701 1$aSPINELLI,$bNiccolò$0407993 801 0$aIT$bsalbc$gISBD 912 $a990006055870203316 951 $aXV.11. 214$b589 ist.lingustica$cXV.11.$d377682 959 $aBK 969 $aFVUO 979 $aVITTORIANA$b90$c20150702$lUSA01$h1100 979 $aVITTORIANA$b90$c20150702$lUSA01$h1301 996 $aTraité de terminologie et correspondance commerciales françaises$91103013 997 $aUNISA LEADER 02663nam2-2200421---450- 001 990005799220203316 005 20130703101946.0 010 $a978-92-9237-742-7 035 $a000579922 035 $aUSA01000579922 035 $a(ALEPH)000579922USA01 035 $a000579922 100 $a20130122d2012----km-y0itay50------ba 101 0 $aeng 102 $aLU 105 $a||||||||001yy 200 1 $aAiuti diretti per le vacche nutrici, le pecore e le capre erogati nel quadro della parziale applicazione delle disposizioni sull'RPU$fCorte dei Conti europea 210 $aLussemburgo$cUfficio delle pubblicazioni dell'Unione europea$d2012 215 $a55 p.$cill.$d30 225 2 $aRelzione speciale$v11/2012 330 $aLa riforma della PAC attuata nel 2003 ha abolito il collegamento che vincolava il pagamento di un sussidio a una specifica produzione agricola, introducendo un nuovo sostegno diretto dell?ue "disaccoppiato", ossia il regime di pagamento unico (RPU). In via eccezionale, laddove ritenessero che vi fosse il rischio di turbativa dei mercati agricoli o di abbandono della produzione a seguito del passaggio all?rpu, gli stati membri avevano la possibilità di derogare al disaccoppiamento e di mantenere, in alcuni settori, una parte di aiuti diretti nella forma esistente. Ciò valeva in particolare per i premi concernenti le vacche nutrici e/o le pecore e le capre. La relazione speciale espone i risultati dell'audit dei premi suddetti svolto dalla Corte, inteso a stabilire in quale misura gli aiuti diretti per le vacche nutrici, le pecore e le capre siano stati diretti alle regioni più appropriate degli stati membri ed efficaci nel preservare la produzione, evitando in tal modo effetti negativi a livello sociale, economico e ambientale. [Ed.] 410 0$1001000351941$aRelazione speciale 606 0 $aBovini$xAllevamento$xFinanziamenti comunitari 606 0 $aOvini$xAllevamento$xFinanziamenti comunitari 676 $a338.176 699 $a07.09$bAllevamento di animali 710 02$aCorte dei conti europea$0541549 801 0$aIT$bsalbc$gISBD 856 4 $uhttp://bookshop.europa.eu/uri?target=EUB:NOTICE:QJAB12010:IT:HTML$4.$zAccesso libero online 912 $a990005799220203316 951 $aCDE 07.09 (II)$bCDE 2921$cCDE 07.09$d00185295 959 $aBK 969 $aCDE 979 $aMARIAS$b90$c20130122$lUSA01$h1617 979 $aMARIAS$b90$c20130205$lUSA01$h0959 979 $aMARIAS$b90$c20130703$lUSA01$h1019 996 $aAiuti diretti per le vacche nutrici, le pecore e le capre erogati nel quadro della parziale applicazione delle disposizioni sull'RPU$91080395 997 $aUNISA LEADER 01495nam 2200385Ia 450 001 996385846903316 005 20221108083003.0 035 $a(CKB)4940000000072223 035 $a(EEBO)2240948100 035 $a(OCoLC)10051698 035 $a(EXLCZ)994940000000072223 100 $a19831024d1693 uy | 101 0 $aeng 135 $aurbn||||a|bb| 200 14$aThe godly man's ark or city of refuge in the day of his distress$b[electronic resource] $ediscovered in divers sermons, the first of which was preached at the funeral of Mistress Elizabeth Moore ... /$fby E.D. Calamy. Hereunto are annexed Mrs. Moores Evidences for heaven, composed and collected by her in the time of her health for her comfort in the time of sickness 205 $aThe 17th edition corrected and amended. 210 $aLondon $cPrinted for Thomas Parkhurst and for John Hancock$d1693 215 $a[22], 142 p 300 $aReproduction of original in the British Library. 330 $aeebo-0018 606 $aChristian life$vSermons 606 $aSermons, English$y17th century 615 0$aChristian life 615 0$aSermons, English 700 $aCalamy$b Edmund$f1600-1666.$01002065 701 $aMoore$b Elizabeth$fd. 1656?$01007792 801 0$bUMI 801 1$bUMI 801 2$bm/c 801 2$bUMI 801 2$bWaOLN 906 $aBOOK 912 $a996385846903316 996 $aThe godly man's ark or city of refuge in the day of his distress$92348957 997 $aUNISA